000 01170cam a22003014a 4500
001 11875101
003 ARRUPE
005 20140319140158.0
008 991222s2000 gau b 001 0aeng
010 _a 99086131
020 _a0884140164 (alk. paper)
040 _aDLC
_cDLC
_dDLC
042 _apcc
043 _an-us---
050 0 0 _aBS1161.G67
_bA3 2000
082 0 0 _a930/.07/202
_aB
_221
100 1 _aGordon, Cyrus Herzl,
_d1908-2001.
_99173
245 1 2 _aA scholar's odyssey /
_cCyrus H. Gordon.
260 _aAtlanta, Ga. :
_bSociety of Biblical Literature,
_cc2000.
300 _a149 p. ;
_c23 cm.
440 0 _aBiblical scholarship in North America ;
_vno. 20
_99174
504 _aIncludes bibliographical (p. [119]-146) and index.
600 1 0 _aGordon, Cyrus Herzl,
_d1908-2001.
_99175
650 0 _aBiblical scholars
_zUnited States
_vBiography.
_99176
906 _a7
_bcbc
_corignew
_d1
_eocip
_f19
_gy-gencatlg
942 _2lcc
_cMONOGRAPH
999 _c120226
_d120226